000
00251nam a22000857a 4500
008
160704b xxu||||| |||| 00| 0 eng d
100
_9
1922
_a
Josephine, Y
245
_a
School Resource Planning and Management
260
_a
New Delhi
_b
Shipra Publication
_c
2005
999
_c
1624
_d
1624